Learning a living first results of the adult literacy and life skills survey

Gespeichert in:
Bibliographische Detailangaben
Format: Buch
Sprache:Englisch
Veröffentlicht: Ottawa and Paris Statistics Canada 2005
Schlagworte:
Tags: Tag hinzufügen
Keine Tags, Fügen Sie das erste Tag hinzu!

MARC

LEADER 00000nam$a2200000$$$4500
001 0037946
005 20221129082741.6
020 |a 92-64-01038-6 
041 0 |a eng 
044 |a FR 
245 1 0 |a Learning a living  |b first results of the adult literacy and life skills survey 
264 1 |a Ottawa and Paris  |b Statistics Canada  |c 2005 
300 |a 332 s. 
610 2 0 |a vzdelávanie 
610 2 0 |a vzdelávanie dospelých 
610 2 0 |a vedomosti 
610 2 0 |a zručnosti 
610 2 0 |a porovnanie štatistické medzinárodné 
610 2 0 |a vzdelanie 
610 2 0 |a gramotnosť 
610 2 0 |a údaje štatistické medzinárodné